Iconic Mountains - Statistics

General Stats
  • This quiz has been taken 25 times
  • The average score is 6 of 8
Answer Stats
Picture Answer % Correct
Kilimanjaro
95%
Mount Everest
95%
Mount Fuji
95%
Matterhorn
85%
Denali
80%
Mont Blanc
70%
Fitz Roy
35%
Mount Cook
5%
No matching quizzes found
Score Distribution
Percent of People with Each Score
Percentile by Number Answered
Your Score History
You have not taken this quiz